Normal view
MARC view
- Armstrong, Harry Clifford
Entry Personal Name
001 - CONTROL NUMBER
- control field: 44837
003 - CONTROL NUMBER IDENTIFIER
- control field: NUST
005 - DATE AND TIME OF LATEST TRANSACTION
- control field: 20210314133057.0
008 - FIXED-LENGTH DATA ELEMENTS
- fixed length control field: 210314|| aca||aabn | a|a d
040 ## - CATALOGING SOURCE
- Original cataloging agency: NUST
- Transcribing agency: NUST
100 ## - HEADING--PERSONAL NAME
- Personal name: Armstrong, Harry Clifford
670 ## - SOURCE DATA FOUND
- Source citation: Work cat.: (NUST): Armstrong, Harry Clifford., Fuels and furnaces for industrial heating;, 1938.
